Chicago Skyscrapers - Sudden Death - Statistics

General Stats
  • This quiz has been taken 25 times
  • The average score is 7 of 15
Answers on the Grid
Answers color-coded by a green-red scale on the quiz's grid according to % correct below.
Wilshire Grand Center
Wells Fargo Center
Water Tower Place
Two Prudential Plaza
Transamerica Pyramid
Sears Tower
Richard J. Daley Center
Republic Plaza
Panorama Tower
One World Trade Center
One Park Drive
One Museum Park
One Liberty Place
Marina City
Lake Point Tower
Key Tower
John Hancock Center
Franklin Center
Federation Tower
Columbia Center
CN Tower
Chase Tower
Aon Center
99 Hudson Street
900 North Michigan
340 On The Park
311 South Wacker
30 Hudson Yards
270 Park Avenue
1000M
 
Answer Stats
Answer % Correct
Sears Tower
94%
John Hancock Center
75%
Two Prudential Plaza
69%
Water Tower Place
69%
Marina City
63%
900 North Michigan
56%
311 South Wacker
50%
Richard J. Daley Center
50%
Aon Center
38%
Chase Tower
38%
Lake Point Tower
38%
Franklin Center
31%
One Museum Park
31%
1000M
25%
340 On The Park
13%
No matching quizzes found
Score Distribution
Percent of People with Each Score
Percentile by Number Answered
Your Score History
You have not taken this quiz